[Event "Burgas op 18th"]
[Site "Ourense"]
[Date "2009.07.14"]
[Round "8"]
[White "Fernandez de Pablo, Miguel Angel"]
[Black "Roma Barge, Luis"]
[Result "0-1"]
[WhiteElo "2195"]
[BlackElo "1653"]
[PlyCount "112"]
[EventDate "2009.07.07"]
[EventType "swiss"]
[EventRounds "9"]
[EventCountry "ESP"]
[SourceTitle "CBM 131 Extra"]
[Source "ChessBase"]
[SourceDate "2009.09.03"]
[SourceVersion "2"]
[SourceVersionDate "2009.09.16"]
[SourceQuality "1"]

1. e4 Nc6 2. Nf3 d6 3. d4 Bg4 4. d5 Ne5 5. Nxe5 Bxd1 6. Bb5+ c6 7. dxc6 Qa5+ 8. Nc3 0-0-0 9. Nxf7 Bxc2 10. Bd2 Bxe4 11. c7 Rd7 12. Bxd7+ Kxd7 13. Nxe4 Qd5 14. Nc3 Qxf7 15. Nb5 Qe6+ 16. Be3 Qc4 17. Rc1 Qxc1+ 18. Bxc1 a6 19. Nd4 Nf6 20. Ne6 Nd5 21. b3 Nxc7 22. Nxc7 Kxc7 23. Bb2 e6 24. h4 h5 25. Rh3 Rg8 26. Rf3 d5 27. Be5+ Kc6 28. Rc3+ Kb6 29. Bd4+ Kb5 30. Rc7 b6 31. Kd2 Bc5 32. a4+ Kb4 33. Bxc5+ bxc5 34. Rb7+ Ka3 35. Kc3 Rf8 36. f3 Rf4 37. Re7 Rb4 38. Rxe6 Rxb3+ 39. Kc2 Rb2+ 40. Kc3 Rxg2 41. Re5 Rf2 42. Rxd5 Rxf3+ 43. Kc4 Rf4+ 44. Kxc5 Rxh4 45. Rg5 Rg4 46. Rxh5 Kxa4 47. Re5 Kb3 48. Kb6 g5 49. Kxa6 Kc4 50. Kb6 Rg1 51. Kc6 Kd4 52. Kd6 g4 53. Ke6 g3 54. Rg5 g2 55. Rg4+ Kc3 56. Rg3+ Kc2 0-1

[Event "Pontevedra op 21st"]
[Site "Pontevedra"]
[Date "2008.08.17"]
[Round "8"]
[White "Fernandez de Pablo, Miguel Angel"]
[Black "Piasetski, Leon David"]
[Result "1-0"]
[WhiteElo "2232"]
[BlackElo "2314"]
[PlyCount "61"]
[EventDate "2008.08.10"]
[EventType "swiss"]
[EventRounds "9"]
[EventCountry "ESP"]
[SourceTitle "CBM 125 Extra"]
[Source "ChessBase"]
[SourceDate "2008.09.01"]
[SourceVersion "1"]
[SourceVersionDate "2008.09.01"]
[SourceQuality "1"]

1. e4 d6 2. d4 g6 3. c4 e5 4. d5 Bg7 5. Nc3 a5 6. g4 Na6 7. Be3 Nf6 8. f3 h5 9. g5 Nh7 10. Qd2 0-0 11. 0-0-0 f6 12. gxf6 Rxf6 13. Be2 Bd7 14. h4 Qe7 15. Nh3 Raf8 16. Ng5 Rf4 17. Ne6 Bxe6 18. dxe6 Qxe6 19. Bxf4 exf4 20. Qd5 Nc5 21. Rhg1 Kf7 22. Nb5 Qxd5 23. exd5 Re8 24. Bd3 Nxd3+ 25. Rxd3 Re2 26. Rd2 Re3 27. Nxc7 Rxf3 28. c5 dxc5 29. d6 Be5 30. d7 Ke7 31. Nd5+ 1-0

[Event "Pontevedra op 21st"]
[Site "Pontevedra"]
[Date "2008.08.15"]
[Round "6"]
[White "Fernandez de Pablo, Miguel Angel"]
[Black "Lestao Balseiro, Adrian"]
[Result "0-1"]
[WhiteElo "2232"]
[BlackElo "2202"]
[PlyCount "60"]
[EventDate "2008.08.10"]
[EventType "swiss"]
[EventRounds "9"]
[EventCountry "ESP"]
[SourceTitle "CBM 125 Extra"]
[Source "ChessBase"]
[SourceDate "2008.09.01"]
[SourceVersion "1"]
[SourceVersionDate "2008.09.01"]
[SourceQuality "1"]

1. e4 e5 2. Nf3 Nc6 3. c3 Nf6 4. d4 Nxe4 5. d5 Ne7 6. Nxe5 Ng6 7. Qf3 Nf6 8. Nxg6 hxg6 9. Be3 Be7 10. Nd2 d6 11. Bb5+ Kf8 12. h3 Bg4 13. Qg3 Bf5 14. c4 a6 15. Ba4 Ng4 16. Bd4 Ne5 17. 0-0 Bf6 18. Qc3 Rh4 19. f4 Nd3 20. Bxf6 Qxf6 21. Qxf6 gxf6 22. Bc2 Re8 23. g4 Re2 24. Nf3 Rxh3 25. Bd1 Rg3+ 26. Kh1 Rh3+ 27. Kg1 Rg3+ 28. Kh1 Reg2 29. gxf5 Nxf4 30. Ng1 Rxg1+ 0-1

[Event "Cambados op 24th"]
[Site "Cambados"]
[Date "2008.08.08"]
[Round "8"]
[White "Fernandez de Pablo, Miguel Angel"]
[Black "Ortiz Suarez, Isan Reynaldo"]
[Result "0-1"]
[WhiteElo "2232"]
[BlackElo "2392"]
[PlyCount "62"]
[EventDate "2008.08.01"]
[EventType "swiss"]
[EventRounds "9"]
[EventCountry "ESP"]
[SourceTitle "CBM 125 Extra"]
[Source "ChessBase"]
[SourceDate "2008.09.01"]
[SourceVersion "1"]
[SourceVersionDate "2008.09.01"]
[SourceQuality "1"]

1. e4 c5 2. Nf3 d6 3. d4 cxd4 4. Nxd4 Nf6 5. Nc3 a6 6. Be3 e6 7. Be2 Qc7 8. a4 b6 9. f4 Bb7 10. Bf3 Nbd7 11. 0-0 Be7 12. Qe2 0-0 13. g4 Nc5 14. Qg2 e5 15. fxe5 dxe5 16. Nf5 Bd8 17. g5 Ne8 18. Rad1 Kh8 19. b4 Ne6 20. Nd5 Qc4 21. g6 fxg6 22. Nfe7 Bxd5 23. exd5 Bxe7 24. dxe6 Rb8 25. Bd5 Rxf1+ 26. Rxf1 Qxb4 27. Kh1 Nf6 28. c4 Qxa4 29. Rb1 b5 30. c5 Qa3 31. Re1 Qc3 0-1

[Event "Burgas op 17th"]
[Site "Ourense"]
[Date "2008.07.07"]
[Round "5"]
[White "Perez Candelario, Manuel"]
[Black "Fernandez de Pablo, Miguel Angel"]
[Result "1-0"]
[WhiteElo "2537"]
[BlackElo "2232"]
[PlyCount "65"]
[EventDate "2008.07.03"]
[EventType "swiss"]
[EventRounds "9"]
[EventCountry "ESP"]
[SourceTitle "CBM 125 Extra"]
[Source "ChessBase"]
[SourceDate "2008.09.01"]
[SourceVersion "1"]
[SourceVersionDate "2008.09.01"]
[SourceQuality "1"]

1. e4 c5 2. Nf3 Nc6 3. Nc3 Nf6 4. Bb5 Nd4 5. e5 Nxb5 6. Nxb5 Nd5 7. Ng5 f5 8. c4 Nb4 9. d4 a6 10. Na3 cxd4 11. 0-0 e6 12. Qxd4 Be7 13. Nf3 Nc6 14. Qc3 b5 15. cxb5 axb5 16. Nxb5 Ba6 17. Nd6+ Bxd6 18. exd6 0-0 19. Re1 Qb8 20. Bf4 Qb4 21. Be5 Qg4 22. Re3 Rfc8 23. h3 Qg6 24. Qd2 Bc4 25. b3 Bd5 26. Bf4 Ra5 27. Ne1 e5 28. Bxe5 Bxg2 29. Rg3 Qe6 30. Bxg7 f4 31. Qxf4 Rf5 32. Qg4 Bxh3 33. Qxh3 1-0

[Event "Burgas op 16th"]
[Site "Ourense"]
[Date "2007.07.06"]
[Round "2"]
[White "Garcia Fernandez, Manuel"]
[Black "Fernandez de Pablo, Miguel Angel"]
[Result "0-1"]
[WhiteElo "1904"]
[BlackElo "2193"]
[PlyCount "72"]
[EventDate "2007.07.05"]
[EventType "swiss"]
[EventRounds "9"]
[EventCountry "ESP"]
[SourceTitle "EXT 2008"]
[Source "ChessBase"]
[SourceDate "2007.11.25"]
[SourceVersion "1"]
[SourceVersionDate "2007.11.25"]
[SourceQuality "1"]

1. d4 Nf6 2. Bg5 c5 3. Bxf6 gxf6 4. Nf3 Qb6 5. dxc5 Qxb2 6. Nbd2 Qc3 7. Rb1 Qxc5 8. g3 b6 9. Bg2 Bb7 10. 0-0 Qc7 11. Nb3 Nc6 12. Qd2 e6 13. e4 Bg7 14. Rfd1 Rd8 15. c4 0-0 16. c5 Ne5 17. Nxe5 fxe5 18. Qd6 Qxd6 19. Rxd6 Bc6 20. cxb6 axb6 21. Nd2 Rb8 22. Nc4 b5 23. Na5 Rfc8 24. Nxc6 dxc6 25. Bf1 Bf8 26. Rd7 Ra8 27. Rb2 Ra4 28. f3 Rd4 29. Rb7 b4 30. Kg2 Rcd8 31. Re2 Rd2 32. Ra7 c5 33. Ra5 c4 34. Kf2 c3 35. Rxd2 cxd2 36. Be2 d1Q 0-1

[Event "ESP-ch op"]
[Site "Leon"]
[Date "2006.11.29"]
[Round "8"]
[White "Marcos Pinto, Luis"]
[Black "Fernandez de Pablo, Miguel Angel"]
[Result "0-1"]
[WhiteElo "1987"]
[BlackElo "2200"]
[PlyCount "70"]
[EventDate "2006.11.22"]
[EventType "swiss"]
[EventRounds "9"]
[EventCountry "ESP"]
[SourceTitle "CBM 115 Extra"]
[Source "ChessBase"]
[SourceDate "2007.01.10"]
[SourceVersion "1"]
[SourceVersionDate "2007.01.10"]
[SourceQuality "1"]

1. e4 c5 2. Nf3 Nc6 3. c3 d5 4. exd5 Qxd5 5. d4 e6 6. Be2 Nf6 7. 0-0 cxd4 8. cxd4 Be7 9. Nc3 Qd6 10. Nb5 Qd8 11. Bf4 Nd5 12. Bg3 a6 13. Nc3 0-0 14. Rc1 Nxc3 15. bxc3 b5 16. a4 bxa4 17. Qxa4 Bd7 18. Qa2 a5 19. Ne5 Nxe5 20. Bxe5 Bc6 21. Rfd1 Bd6 22. Bxd6 Qxd6 23. c4 Rfd8 24. f3 a4 25. Rb1 Rab8 26. Rxb8 Rxb8 27. h3 Qb4 28. d5 exd5 29. cxd5 Bd7 30. Ra1 g6 31. Bd1 Qd4+ 32. Kh2 Rb2 33. Qa3 Qf2 34. Bc2 Rxc2 35. Rg1 Qc5 0-1

[Event "ESP-ch op"]
[Site "Leon"]
[Date "2006.11.25"]
[Round "4"]
[White "Garcia Prieto, Pablo"]
[Black "Fernandez de Pablo, Miguel Angel"]
[Result "0-1"]
[WhiteElo "1954"]
[BlackElo "2200"]
[PlyCount "62"]
[EventDate "2006.11.22"]
[EventType "swiss"]
[EventRounds "9"]
[EventCountry "ESP"]
[SourceTitle "CBM 115 Extra"]
[Source "ChessBase"]
[SourceDate "2007.01.10"]
[SourceVersion "1"]
[SourceVersionDate "2007.01.10"]
[SourceQuality "1"]

1. e4 c5 2. Nc3 Nc6 3. f4 g6 4. Nf3 Bg7 5. Bc4 e6 6. 0-0 Nge7 7. d3 d5 8. Bb3 0-0 9. Qe1 Nd4 10. Nxd4 cxd4 11. Nd1 dxe4 12. dxe4 b6 13. Rf3 Bb7 14. Rh3 h6 15. Nf2 Kh7 16. Ng4 Ng8 17. f5 exf5 18. exf5 gxf5 19. Ne5 Re8 20. Bf4 f6 21. Qg3 fxe5 22. Bg5 Qd6 23. Rf1 f4 24. Qg4 Bc8 25. Qh5 Bxh3 26. Bf7 Bd7 27. g3 Rf8 28. gxf4 Rxf7 29. Qxf7 Rf8 30. Qh5 Qg6 31. Qh4 Rxf4 0-1

[Event "Galapagar op 06th"]
[Site "Galapagar"]
[Date "2005.07.26"]
[Round "4.9"]
[White "Fernandez de Pablo, Miguel Angel"]
[Black "Rueda Erazo, Juan Carlos"]
[Result "1-0"]
[WhiteElo "2222"]
[BlackElo "1979"]
[PlyCount "105"]
[EventDate "2005.07.23"]
[EventType "swiss"]
[EventRounds "9"]
[EventCountry "ESP"]
[SourceTitle "EXT 2006"]
[Source "ChessBase"]
[SourceDate "2005.11.24"]
[SourceVersion "1"]
[SourceVersionDate "2005.11.24"]
[SourceQuality "1"]

1. e4 c5 2. Nf3 d6 3. d4 cxd4 4. Nxd4 Nf6 5. Nc3 a6 6. Bg5 e6 7. f4 Qb6 8. f5 Qxb2 9. Na4 Qa3 10. c3 Bd7 11. fxe6 fxe6 12. Nxe6 Bxa4 13. Qf3 Qb2 14. Rc1 Nbd7 15. Nc7+ Kd8 16. Nxa8 Kc8 17. Be2 Kb8 18. 0-0 Kxa8 19. Rb1 Qa3 20. Bxa6 Bc6 21. Bxf6 gxf6 22. Be2 Rg8 23. Rb4 Qa7+ 24. Kh1 Qc5 25. Qh3 Qg5 26. Bc4 d5 27. exd5 Bxd5 28. Bxd5 Qxd5 29. Rd4 Qb5 30. c4 Qe5 31. Rxd7 Bd6 32. Rxh7 Ka7 33. Qf3 Bc7 34. Qxf6 Qe4 35. Rg7 Rc8 36. Qf3 Qxc4 37. Rb1 b6 38. Rg4 Qc2 39. Qb3 Qh7 40. g3 Qf5 41. Qa4+ Kb8 42. Qe4 Qc5 43. Rg6 Rh8 44. Rc6 Qf2 45. Qg2 Qd4 46. Rbc1 Rh7 47. R6c4 Qd3 48. R4c3 Qd6 49. a4 Ka7 50. Rc6 Qe5 51. a5 bxa5 52. Rb1 a4 53. Ra6+ 1-0

[Event "ESP-ch op 68th"]
[Site "Burgos"]
[Date "2003.11.01"]
[Round "9"]
[White "Fernandez de Pablo, Miguel Angel"]
[Black "Bolado Saez, Sergio"]
[Result "1-0"]
[WhiteElo "2209"]
[BlackElo "2264"]
[PlyCount "95"]
[EventDate "2003.10.24"]
[EventType "swiss"]
[EventRounds "9"]
[EventCountry "ESP"]
[SourceTitle "EXT 2004"]
[Source "ChessBase"]
[SourceDate "2003.11.25"]
[SourceVersion "1"]
[SourceVersionDate "2003.11.25"]
[SourceQuality "1"]

1. e4 e6 2. d4 d5 3. Nd2 c5 4. exd5 cxd4 5. Ngf3 Qxd5 6. Bc4 Qd8 7. 0-0 Nc6 8. Nb3 Nf6 9. Nbxd4 Bd7 10. b3 Be7 11. Bb2 0-0 12. Qe2 Qa5 13. a3 Rad8 14. b4 Qh5 15. Rfd1 Rfe8 16. Nxc6 Bxc6 17. Nd4 Qxe2 18. Bxe2 Be4 19. Bf3 Bxf3 20. Nxf3 Rc8 21. Rac1 a5 22. c3 Rc7 23. Nd4 Ne4 24. Nb5 Rc6 25. Rd7 axb4 26. axb4 Bg5 27. Re1 Nd2 28. Bc1 Rb6 29. Nd4 h5 30. h4 Bh6 31. Nf5 Nf3+ 32. gxf3 Bxc1 33. Nd6 Bd2 34. Rd1 Rxd6 35. Rxd6 Bxc3 36. Rb6 e5 37. Rxb7 Re6 38. b5 Bd4 39. Rb1 Rf6 40. Rb8+ Kh7 41. b6 Bxb6 42. R8xb6 Rxf3 43. Re1 f6 44. Re4 Rc3 45. Kg2 Rd3 46. Rb7 Rd6 47. Re7 Kh6 48. Ra4 1-0

[Event "ESP-ch op 68th"]
[Site "Burgos"]
[Date "2003.10.30"]
[Round "7"]
[White "Fernandez de Pablo, Miguel Angel"]
[Black "Fluvia Poyatos, Jordi"]
[Result "1-0"]
[WhiteElo "2209"]
[BlackElo "2322"]
[PlyCount "83"]
[EventDate "2003.10.24"]
[EventType "swiss"]
[EventRounds "9"]
[EventCountry "ESP"]
[SourceTitle "EXT 2004"]
[Source "ChessBase"]
[SourceDate "2003.11.25"]
[SourceVersion "1"]
[SourceVersionDate "2003.11.25"]
[SourceQuality "1"]

1. e4 c5 2. Nf3 d6 3. d4 cxd4 4. Nxd4 Nf6 5. Nc3 a6 6. Bg5 e6 7. f4 Be7 8. Qf3 Qc7 9. 0-0-0 Nbd7 10. Bd3 h6 11. Bh4 g5 12. fxg5 Ne5 13. Qe2 Nfd7 14. Qh5 Nc5 15. Rhf1 Ng6 16. Bb5+ axb5 17. Ndxb5 Qa5 18. gxh6 Bd7 19. Rxf7 0-0-0 20. Bxe7 Nxe7 21. Rxd6 b6 22. Rxe7 Bxb5 23. Rxd8+ Kxd8 24. Rg7 Bd7 25. Qh4+ Kc7 26. h7 Na4 27. Qf6 Nxc3 28. Rxd7+ Kxd7 29. Qxh8 Ne2+ 30. Kd1 Qg5 31. Qg8 Qf4 32. Qg7+ Kd6 33. Kxe2 Qxe4+ 34. Kd2 Qf4+ 35. Kd3 Qf5+ 36. Ke3 e5 37. Qh6+ Kd5 38. Qh4 Qxc2 39. Qd8+ Ke6 40. Qe8+ Kf5 41. g4+ Kxg4 42. Qe6+ 1-0

[Event "ESP-ch op 68th"]
[Site "Burgos"]
[Date "2003.10.29"]
[Round "6"]
[White "Solana Suarez, Ernesto"]
[Black "Fernandez de Pablo, Miguel Angel"]
[Result "1/2-1/2"]
[WhiteElo "2348"]
[BlackElo "2209"]
[PlyCount "81"]
[EventDate "2003.10.24"]
[EventType "swiss"]
[EventRounds "9"]
[EventCountry "ESP"]
[SourceTitle "EXT 2004"]
[Source "ChessBase"]
[SourceDate "2003.11.25"]
[SourceVersion "1"]
[SourceVersionDate "2003.11.25"]
[SourceQuality "1"]

1. d4 Nf6 2. c4 g6 3. Nc3 Bg7 4. e4 d6 5. f3 0-0 6. Nge2 c5 7. d5 e6 8. Ng3 exd5 9. cxd5 Nbd7 10. Be2 a6 11. a4 b6 12. 0-0 Rb8 13. Bg5 Re8 14. Qd2 Qc7 15. Rfc1 h5 16. Kh1 Ne5 17. h3 Nh7 18. Be3 Qe7 19. Qe1 h4 20. Nf1 g5 21. Nd2 Nf8 22. Qf1 Ra8 23. Rab1 Nfg6 24. b4 Nf4 25. Bxf4 gxf4 26. bxc5 bxc5 27. Nc4 Nxc4 28. Bxc4 Bd4 29. Nd1 f5 30. Bd3 Qh7 31. Nf2 fxe4 32. Bxe4 Bf5 33. Qd3 Bxf2 34. Bxf5 Qg7 35. Be6+ Kh8 36. Rd1 a5 37. Rb5 Reb8 38. Rdb1 Rxb5 39. Qxb5 Bd4 40. Qd3 Be5 41. Rb5 1/2-1/2

[Event "ESP-ch op 68th"]
[Site "Burgos"]
[Date "2003.10.27"]
[Round "4"]
[White "Lopez Gracia, Fernando"]
[Black "Fernandez de Pablo, Miguel Angel"]
[Result "1-0"]
[WhiteElo "2360"]
[BlackElo "2209"]
[PlyCount "57"]
[EventDate "2003.10.24"]
[EventType "swiss"]
[EventRounds "9"]
[EventCountry "ESP"]
[SourceTitle "EXT 2004"]
[Source "ChessBase"]
[SourceDate "2003.11.25"]
[SourceVersion "1"]
[SourceVersionDate "2003.11.25"]
[SourceQuality "1"]

1. e4 c5 2. Nf3 Nc6 3. Nc3 Nf6 4. Bb5 e5 5. Bxc6 dxc6 6. Nxe5 Nxe4 7. Nxe4 Qd4 8. 0-0 Qxe5 9. d3 Be7 10. Bd2 0-0 11. Bc3 Qd5 12. Qf3 f5 13. Nd2 Be6 14. Rfe1 Rae8 15. Qxd5 Bxd5 16. Nc4 f4 17. Kf1 b5 18. Nd2 Rf5 19. Re5 Rxe5 20. Bxe5 g5 21. b3 Bf8 22. Bb2 g4 23. c4 Bxg2+ 24. Kxg2 Re2 25. Rd1 f3+ 26. Kf1 Bd6 27. Bc1 Bxh2 28. Re1 g3 29. fxg3 1-0